Ley de juego /
La juventud en General Belgrano, las historias del pueblo, sus protagonistas, sus tragedias, lo que los marcó, narrada en una serie de relatos que buscan volver al pueblo de origen, como quien intenta recuperar esas imágenes que lo marcaron. Esa vuelta al pueblo dialoga con La balada del álamo carol...
Guardado en:
| Autor Principal: | |
|---|---|
| Formato: | Libro |
| Idioma: | Undetermined |
| Publicado: |
La Plata :
Mil Botellas,
2023.
|
| Edición: | 1a ed. |
| Series: | Identidades bonaerenses
|
| Materias: | |
| Etiquetas: |
Agregar Etiqueta
Sin Etiquetas, Sea el primero en etiquetar este registro!
|
| LEADER | 01591nam a22002655a 4500 | ||
|---|---|---|---|
| 001 | CEM.cems024834 | ||
| 008 | 250805s2023####ag############000#0#und#d | ||
| 005 | 20250822081946.0 | ||
| 245 | 1 | 0 | |a Ley de juego / |c Miguel Briante. |
| 250 | |a 1a ed. | ||
| 260 | |a La Plata : |b Mil Botellas, |c 2023. | ||
| 300 | |a 197 p. | ||
| 490 | 1 | |a Identidades bonaerenses | |
| 500 | |a Edición especial de la Dirección de Cultura y Educación de la Provincia de Buenos Aires. | ||
| 500 | |a Edad sugerida: a partir de ciclo orientado. Requiere acompañamiento docente. | ||
| 520 | |a La juventud en General Belgrano, las historias del pueblo, sus protagonistas, sus tragedias, lo que los marcó, narrada en una serie de relatos que buscan volver al pueblo de origen, como quien intenta recuperar esas imágenes que lo marcaron. Esa vuelta al pueblo dialoga con La balada del álamo carolina, de Haroldo Conti, y configura un mapa de estos narradores que se apartaban del imaginario del boom latinoamericano. Miguel Briante es un narrador único, uno de los más prestigiosos autores de la literatura argentina. Este libro recupera lo mejor de su prosa. | ||
| 020 | |a 9789874462176 | ||
| 100 | 1 | |a Briante, Miguel. | |
| 653 | |a Literatura argentina | ||
| 653 | |a Novela argentina | ||
| 653 | |a Identidades bonaerenses | ||
| 859 | |a CEMS |b BIB. CEMS - Agricultura |h A863.4 |i B849 |p A3961.25 |t Ej.1 | ||
| 859 | |a CEMS |b BIB. CEMS - Ccias. Educacion |h A863.4 |i B849 |k CE |p 30168.25 |t Ej.1 | ||
| 859 | |a CEMS |b BIB. CEMS - 11 de abril |h A863.4 |i B849 |p 30166.25 |t Ej.1 | ||
| 859 | |a CEMS |b BIB. CEMS - 11 de abril |h A863.4 |i B849 |p 30167.25 |t Ej.2 | ||
